বৈদিক সাহিত্যের রুপরেখা : (Record no. 38314)
[ view plain ]
| 000 -LEADER | |
|---|---|
| fixed length control field | 01194nam a2200241 a 4500 |
| 001 - CONTROL NUMBER | |
| control field | 38314 |
| 003 - CONTROL NUMBER IDENTIFIER | |
| rucl marc code | BD-RjUL |
| 005 - DATE AND TIME OF LATEST TRANSACTION | |
| control field | 20211209052753.0 |
| 008 - FIXED-LENGTH DATA ELEMENTS--GENERAL INFORMATION | |
| fixed length control field | 160518s1993 ii ||||| b||| 001 0 ben d |
| 020 ## - INTERNATIONAL STANDARD BOOK NUMBER | |
| Terms of availability | : Tk. 50.00 |
| 035 ## - SYSTEM CONTROL NUMBER | |
| System control number | (BD-RjUL) 38419 |
| 040 ## - CATALOGING SOURCE | |
| Original cataloging agency | BD-RjUL |
| Language of cataloging | ben |
| Transcribing agency | BD-RjUL |
| 041 ## - LANGUAGE CODE | |
| Language code of text/sound track or separate title | ben |
| 082 ## - DEWEY DECIMAL CLASSIFICATION NUMBER | |
| Classification number | 294.5921 |
| Author mark and year | BAB 1993 |
| Edition number | 23 |
| 100 ## - MAIN ENTRY--PERSONAL NAME | |
| Personal name | বন্দ্যোপাধ্যায়,শান্তি |
| 9 (RLIN) | 118427 |
| 245 10 - TITLE STATEMENT | |
| Title | বৈদিক সাহিত্যের রুপরেখা : |
| Remainder of title | বৈদিক যুগের সাহিত্যের ও সমাজের ইতিহাস = Outline of the Vedic Literature / |
| Statement of responsibility, etc. | শান্তি বন্দ্যোপাধ্যায় |
| 260 ## - PUBLICATION, DISTRIBUTION, ETC. (IMPRINT) | |
| Place of publication, distribution, etc. | কলিকাতা : |
| Name of publisher, distributor, etc. | সংস্কৃত পুস্তক ভাণ্ডার, |
| Date of publication, distribution, etc. | ১৯৯৩ |
| 300 ## - PHYSICAL DESCRIPTION | |
| Pagination | ২২৬ পৃ. ; |
| Size | ২২ সেমি. |
| 504 ## - BIBLIOGRAPHY, ETC. NOTE | |
| Bibliography, etc | গ্রন্থপঞ্জী ও নির্ঘন্ট সংযুক্ত |
| 650 ## - SUBJECT ADDED ENTRY--TOPICAL TERM | |
| Topical term or geographic name as entry element | বৈদিক সাহিত্য |
| 9 (RLIN) | 118428 |
| General subdivision | ইতিহাস ও সমালোচনা |
| Topical term or geographic name as entry element | Vedic literature |
| General subdivision | History and criticism |
| 9 (RLIN) | 118429 |
| 942 ## - ADDED ENTRY ELEMENTS (KOHA) | |
| Source of classification or shelving scheme | Dewey Decimal Classification |
| Koha item type | Books |
| Lost status | Source of classification or shelving scheme | Damaged status | Not for loan | Collection code | Permanent Location | Current Location | Shelving location | Date acquired | Source of acquisition | Cost, normal purchase price | Total Checkouts | Full call number | Date last seen | Date checked out | Copy number | Koha item type |
|---|---|---|---|---|---|---|---|---|---|---|---|---|---|---|---|---|
| Dewey Decimal Classification | Non-fiction | Central Library, University of Rajshahi | Central Library, University of Rajshahi | 27/05/1996 | Uttarbanga Library, Rajshahi | 70.00 | 1 | B 294.5921 BAB 1993 | 13/12/2015 | 03/11/2015 | C-2 | Books | ||||
| Dewey Decimal Classification | Not For Loan | Non-fiction | Central Library, University of Rajshahi | Central Library, University of Rajshahi | Reading Room | 27/05/1996 | Uttarbanga Library, Rajshahi | 70.00 | B 294.5921 BAB 1993 | 18/05/2016 | C-1 | Books | ||||
| Dewey Decimal Classification | Non-fiction | Central Library, University of Rajshahi | Central Library, University of Rajshahi | 27/05/1996 | Uttarbanga Library, Rajshahi | 70.00 | B 294.5921 BAB 1993 | 04/05/2017 | C-3 | Books |